Autocad and Its Applications / (Record no. 617094)

000 -LEADER
fixed length control field 00424nam a22001457a 4500
020 ## - INTERNATIONAL STANDARD BOOK NUMBER
Qualifying information PB.
040 ## - CATALOGING SOURCE
Transcribing agency Fizza Ishaq
082 ## - DEWEY DECIMAL CLASSIFICATION NUMBER
Classification number 620.004
Author Mark DAV
100 ## - MAIN ENTRY--PERSONAL NAME
Personal name Madsen, A. David.
9 (RLIN) 134151
245 ## - TITLE STATEMENT
Title Autocad and Its Applications /
Statement of responsibility, etc. David A. Madsen.
250 ## - EDITION STATEMENT
Edition statement Release 11.
260 ## - PUBLICATION, DISTRIBUTION, ETC.
Name of publisher, distributor, etc. Goodheart-Willcox Pub,
Date of publication, distribution, etc. 1992.
300 ## - PHYSICAL DESCRIPTION
Extent 1-1,H-7 I-1xIn 22 p, ; ill ; intex include
Dimensions 11″ x 1.5″ x 8.75″
942 ## - ADDED ENTRY ELEMENTS (KOHA)
Source of classification or shelving scheme
Koha item type Book
Holdings
Withdrawn status Lost status Source of classification or shelving scheme Damaged status Not for loan Permanent Location Current Location Shelving location Date acquired Total Checkouts Full call number Barcode Date last seen Price effective from Koha item type
          NUST Baluchistan Campus (NBC) NUST Baluchistan Campus (NBC) General Stacks 04/15/2026   620.004 DAV QD-389 04/15/2026 04/15/2026 Book
© 2023 Central Library, National University of Sciences and Technology. All Rights Reserved.